|
|
|
|
| LEADER |
01090nam a2200253 a 4500 |
| 001 |
GR-MES15086 |
| 008 |
040915u2005 gr b 001 b eng d |
| 020 |
|
|
|a 0470090987
|
| 040 |
|
|
|a GrPaTEI
|b gre
|c GR-PaULI
|
| 040 |
|
|
|a GrPaTEI
|b gre
|c GR-PaULI
|
| 082 |
|
0 |
|a 657.458
|
| 100 |
1 |
|
|a Pickett, K. H. Spencer
|
| 245 |
1 |
0 |
|a Auditing for managers :
|b Τhe ultimate risk management tool /
|c Βy K.H. Spencer Pickett, Jennifer M. Pickett.
|
| 260 |
|
|
|a Chichester :
|b John Wiley & Sons,
|c c2005
|
| 300 |
|
|
|a xii, 353 σ. :
|b εικ. ;
|c 24 εκ.
|
| 504 |
|
|
|a Περιλαμβάνει βιβλιογραφικές παραπομπές και ευρετήριο.
|
| 650 |
|
0 |
|a Auditing, Internal
|
| 650 |
|
0 |
|a Risk management
|
| 650 |
|
4 |
|a Μάνατζμεντ
|
| 700 |
1 |
|
|a Pickett, Jennifer M.
|
| 942 |
|
|
|2 ddc
|
| 952 |
|
|
|0 0
|1 0
|2 ddc
|4 0
|6 657_458000000000000_PIC
|7 0
|9 272916
|a MSLG
|b MSLG
|c BSC
|d 2021-01-17
|e 24
|f 0
|g 0.00
|l 0
|o 657.458 PIC
|p 2420000023563
|r 2021-01-17 00:00:00
|t 1
|w 2021-01-17
|y BK15
|x 20090407 0 ΤΣΑΝΤΑΡΛΙΩΤΗ 1
|x GrPaTEI
|
| 971 |
|
|
|a .b25811356
|b 01-10-20
|c 13-09-16
|
| 999 |
|
|
|c 157950
|d 157950
|